| 000 | 00862nam a22002297a 4500 | ||
|---|---|---|---|
| 005 | 20100518112246.0 | ||
| 008 | 100518t xxu||||| |||| 00| 0 eng d | ||
| 010 | _aENG-96097 | ||
| 020 |
_a9788120339811 _c250.00 |
||
| 035 | _aEN-79630 | ||
| 037 | _bDBAD / PUB | ||
| 040 |
_adpl _bEng |
||
| 082 | _a658.7 | ||
| 100 |
_aSrinivasan,G. _920296 |
||
| 245 |
_aQuantitative models in operations and supply chain management / _cby G.Srinivasan |
||
| 260 |
_aNew Delhi _bPHI Learning _c2010 |
||
| 270 |
_aM-97, Connaught Circus, _bNew Delhi _e110001 |
||
| 300 |
_aviii,279p. _c24cm (pbk) |
||
| 500 | _aIncludes bibliographical references and index | ||
| 942 |
_2ddc _cEN _mSRI _h658.7 |
||
| 999 |
_c36172 _d36172 |
||